000 00579nam a2200229Ia 4500
005 20241129115944.0
008 241129s9999||||xx |||||||||||||| ||und||
020 _a9780367321062
037 _aTB
040 _aSDCL
_beng
_cSDCL
041 _aeng
_2eng
084 _aS:5, R2
_qSDCL
100 _aKurth Charlie
_9728749
245 0 _aEmotion
260 _aLondon
_bRoutledge
_c2022
300 _axi,264p.
365 _aGBP
_b35.99
490 _aNew problems of philosophy
650 _aApplied Psychology
942 _cTB
_hS:5, R2
999 _c1232740
_d1232740